| 000 | 00000nam 2200000zi 4500 |
| 001 | 9.933091 |
| 003 | CaOODSP |
| 005 | 20240216093946 |
| 006 | m o d f |
| 007 | cr |n||||||||| |
| 008 | 240129e197405uuabcad ob f000 0 eng d |
| 040 | |aCaOODSP|beng|erda|cCaOODSP |
| 043 | |an-cn-ab |
| 086 | 1 |aDR52-6/27-1974E-PDF |
| 100 | 1 |aSchwartz, F. W. |q(Franklin Walter)|e author. |
| 245 | 10|aSubsurface hydrology at the radioactive waste disposal site, Defence Research Establishment Suffield - a preliminary description (u) / |cby F.W. Schwartz. |
| 246 | 34|aSubsurface hydrology at the radioactive waste disposal site, Defence Research Establishment Suffield - a preliminary description |
| 264 | 1|aRalston, Alberta : |bDefence Research Establishment Suffield, |cMay 1974 |
| 300 | |a1 online resource (7, [7] pages) : |billustrations, chart |
| 336 | |atext|btxt|2rdacontent |
| 337 | |acomputer|bc|2rdamedia |
| 338 | |aonline resource|bcr|2rdacarrier |
| 490 | 1 |aSuffield memorandum ; |vno. 56/73 |
| 500 | |a"Project no. 99-30-15"--title page. |
| 500 | |aDigitized edition from print [produced by Defence Research and Development Canada]. |
| 504 | |aIncludes bibliographical references (page 7). |
| 520 | 3 |a"The report describes the hydrogeologic studies conducted during the summer of 1973 at a proposed waste radioactive materials storage site at Defence Research Establishment Suffield. A good description of the field studies and the data obtained therefrom are presented. [...]"--abstract. |
| 650 | 0|aRadioactive waste disposal in the ground|zAlberta. |
| 650 | 0|aHydrogeological surveys|zAlberta. |
| 650 | 6|aDéchets radioactifs|xÉlimination dans le sol|zAlberta. |
| 650 | 6|aLevés hydrogéologiques|zAlberta. |
| 655 | 7|aTechnical reports|2lcgft |
| 655 | 7|aRapports techniques|2rvmgf |
| 710 | 2 |aDefence Research Establishment Suffield, |eissuing body. |
| 830 | #0|aSuffield memorandum ;|vno. 56/73.|w(CaOODSP)9.926310 |
| 856 | 40|qPDF|s610 KB|uhttps://publications.gc.ca/collections/collection_2024/rddc-drdc/DR52-6-27-1974-eng.pdf |
| 986 | |aSM 56/73 ; |
| 986 | |aM-56/73 |